[Event "FISU World University"]
[Site "Tornelo INT"]
[Date "2020.10.28"]
[Round "7.33"]
[White "Ono, David"]
[Black "Alharari, Mohammed Alsouri"]
[Result "1-0"]
[WhiteElo "2096"]
[BlackElo "2018"]
[PlyCount "85"]
[EventDate "2020.10.26"]
[EventType "team-swiss (rapid)"]
[EventRounds "9"]
[EventCountry "NET"]
[SourceTitle "CBM 199 Extra"]
[Source "ChessBase"]
[SourceDate "2021.01.31"]
[SourceVersion "1"]
[SourceVersionDate "2021.01.31"]
[SourceQuality "1"]
[WhiteTeam "Argentina II"]
[BlackTeam "Libya"]
[WhiteTeamCountry "ARG"]
[BlackTeamCountry "LBY"]

1. Nf3 Nf6 2. b3 e6 3. Bb2 d5 4. e3 Be7 5. Be2 0-0 6. c4 c6 7. Qc2 Nbd7 8. g4 Ne4 9. h4 Bf6 10. d4 Qa5+ 11. Nbd2 b5 12. a3 bxc4 13. bxc4 Rb8 14. Kf1 Nxd2+ 15. Nxd2 Ba6 16. Bc3 Qc7 17. Bd3 g6 18. f4 dxc4 19. Be4 c5 20. d5 exd5 21. Bxd5 Bxc3 22. Qxc3 Rb3 23. Nxb3 cxb3+ 24. Kf2 Nb6 25. Bxb3 c4 26. Bc2 Bb7 27. Rh3 Qc6 28. e4 Qd7 29. Rg3 Re8 30. Rd1 Qe7 31. h5 Bxe4 32. h6 f6 33. Re3 f5 34. Bxe4 fxe4 35. Kg3 g5 36. fxg5 Qxg5 37. Rd6 Nd5 38. Rxd5 Qxh6 39. Rd7 Re6 40. Qd4 Qf8 41. Rxe4 Qb8+ 42. Kg2 Rxe4 43. Qg7# 1-0

[Event "Salta Rodriguez Memorial"]
[Site "Salta"]
[Date "2017.04.14"]
[Round "3.4"]
[White "Ono, David"]
[Black "Garnier, Rene Augusto"]
[Result "1-0"]
[WhiteElo "2004"]
[BlackElo "2165"]
[PlyCount "111"]
[EventDate "2017.04.13"]
[EventType "swiss"]
[EventRounds "7"]
[EventCountry "ARG"]
[SourceTitle "EXT 2024"]
[Source "ChessBase"]
[SourceDate "2023.10.10"]
[SourceVersion "1"]
[SourceVersionDate "2023.10.10"]
[SourceQuality "1"]

1. c4 Nf6 2. g3 g6 3. Bg2 Bg7 4. Nc3 0-0 5. Nf3 d6 6. Rb1 e5 7. b4 Re8 8. d3 Nbd7 9. 0-0 Nf8 10. Ng5 h6 11. Nge4 Nh5 12. Qb3 Ne6 13. Nd2 Nd4 14. Qd1 f5 15. e3 Ne6 16. Bb2 c6 17. b5 Bd7 18. bxc6 bxc6 19. d4 exd4 20. exd4 Rb8 21. Nb3 Ng5 22. h4 Nf7 23. Bf3 Nf6 24. Ne2 g5 25. hxg5 hxg5 26. Re1 Qc7 27. Qd2 Ne4 28. Qc1 Bh6 29. Bh5 Nf6 30. Bg6 Kg7 31. Bxf7 Kxf7 32. Qc2 Rh8 33. Nd2 Rh7 34. Nf3 g4 35. Nh4 Rbh8 36. Kf1 Qc8 37. Ba3 Ne4 38. Bc1 Bg7 39. Nf4 Re8 40. Be3 Bf6 41. Nfg2 Qa6 42. Kg1 Kg8 43. Qb3 Bc8 44. Qc2 Qa5 45. Rf1 Bxh4 46. gxh4 Be6 47. Nf4 Rxh4 48. Nxe6 Rxe6 49. Rb8+ Kf7 50. Rfb1 Re7 51. c5 d5 52. Bg5 Rh5 53. Bxe7 Kxe7 54. Qc1 Nd2 55. Qe1+ Kf6 56. Qe5+ 1-0

[Event "South America-ch U18 13th"]
[Site "Santiago de Chile"]
[Date "2016.12.02"]
[Round "3"]
[White "Correa Atucsa, Breiner Roiser"]
[Black "Ono, David"]
[Result "1-0"]
[WhiteElo "2148"]
[BlackElo "2008"]
[PlyCount "81"]
[EventDate "2016.12.01"]
[EventType "swiss"]
[EventRounds "9"]
[EventCountry "CHI"]
[SourceTitle "EXT 2018"]
[Source "ChessBase"]
[SourceDate "2017.10.13"]
[SourceVersion "1"]
[SourceVersionDate "2017.10.13"]
[SourceQuality "1"]

1. d4 d5 2. c4 c6 3. Nf3 Nf6 4. e3 Bf5 5. Nc3 e6 6. Nh4 Bg6 7. Qb3 Qb6 8. Nxg6 hxg6 9. Be2 Nbd7 10. Bd2 Be7 11. Rc1 0-0 12. 0-0 dxc4 13. Bxc4 Qxb3 14. Bxb3 Rfd8 15. Rfd1 c5 16. d5 exd5 17. Nxd5 Bd6 18. Nxf6+ Nxf6 19. Bc3 Rab8 20. Rxd6 Rxd6 21. Be5 Rbd8 22. Bxd6 Rxd6 23. Rxc5 Rd2 24. f3 Rxb2 25. Rc7 Kh7 26. Rxf7 Rb1+ 27. Kf2 Rb2+ 28. Kf1 Rb1+ 29. Ke2 Rb2+ 30. Kd3 b5 31. e4 g5 32. e5 Nh5 33. e6 Kg6 34. Kc3 Rxg2 35. Bc2+ Rxc2+ 36. Kxc2 Nf4 37. Rxa7 Nxe6 38. Kc3 Kf6 39. Ra6 Ke5 40. Rxe6+ Kxe6 41. Kb4 1-0

[Event "ARG-ch sf U2300"]
[Site "San Pedro de Jujuy"]
[Date "2016.08.06"]
[Round "2.1"]
[White "Garnier, Rene Augusto"]
[Black "Ono, David"]
[Result "1-0"]
[WhiteElo "2174"]
[BlackElo "1993"]
[PlyCount "133"]
[EventDate "2016.08.06"]
[EventType "swiss"]
[EventRounds "6"]
[EventCountry "ARG"]
[SourceTitle "EXT 2024"]
[Source "ChessBase"]
[SourceDate "2023.10.10"]
[SourceVersion "1"]
[SourceVersionDate "2023.10.10"]
[SourceQuality "1"]

1. e4 e5 2. Nc3 Nf6 3. Bc4 Bb4 4. Qf3 Nc6 5. Nge2 d6 6. h3 Be6 7. Nd5 Bc5 8. Nxf6+ Qxf6 9. Qxf6 gxf6 10. Bxe6 fxe6 11. c3 a5 12. d3 d5 13. Bh6 Rg8 14. 0-0 Rg6 15. Be3 Bxe3 16. fxe3 dxe4 17. dxe4 0-0-0 18. Rad1 Rdg8 19. g3 a4 20. b4 Nd8 21. Rf3 Nf7 22. Rdf1 Nd6 23. Rxf6 Rxf6 24. Rxf6 Nxe4 25. Rh6 Rg7 26. Rh5 Nd2 27. Kg2 Nc4 28. Kf2 Rf7+ 29. Ke1 Nxe3 30. b5 c6 31. bxc6 b5 32. Rh6 Re7 33. Nc1 e4 34. Ne2 e5 35. g4 Nd5 36. Rd6 Nf4 37. Ng3 Kc7 38. Rh6 Nd3+ 39. Kd2 Nc5 40. Ke3 Kb6 41. Nf5 Re6 42. Rxe6 Nxe6 43. Kxe4 Kxc6 44. Kxe5 Nc5 45. Nd4+ Kd7 46. Nxb5 Nd3+ 47. Kf6 Nf2 48. Kg7 Nxh3 49. Kxh7 Kc6 50. Na3 Ng5+ 51. Kg6 Ne4 52. Nb1 Kd5 53. Kf5 Nd6+ 54. Kf4 Nc4 55. g5 Ke6 56. Ke4 Ne5 57. Nd2 Nc6 58. Nc4 Ne7 59. Nb6 a3 60. Nc4 Nd5 61. Kd4 Nc7 62. Nxa3 Kf5 63. c4 Kxg5 64. Ke5 Na6 65. Kd6 Nb4 66. c5 Nxa2 67. c6 1-0

[Event "ARG-ch sf U2300"]
[Site "San Pedro de Jujuy"]
[Date "2016.08.06"]
[Round "3.5"]
[White "Ortiz, Gonzalo Julian"]
[Black "Ono, David"]
[Result "0-1"]
[WhiteElo "1843"]
[BlackElo "1993"]
[PlyCount "46"]
[EventDate "2016.08.06"]
[EventType "swiss"]
[EventRounds "6"]
[EventCountry "ARG"]
[SourceTitle "EXT 2024"]
[Source "ChessBase"]
[SourceDate "2023.10.10"]
[SourceVersion "1"]
[SourceVersionDate "2023.10.10"]
[SourceQuality "1"]

1. d4 d5 2. c4 c6 3. Nc3 Nf6 4. cxd5 cxd5 5. Nf3 Nc6 6. g3 Bf5 7. Bg2 e6 8. a3 Bd6 9. Bg5 h6 10. Bxf6 Qxf6 11. Qa4 0-0 12. 0-0 a6 13. e3 Bd3 14. Rfd1 b5 15. Qb3 Na5 16. Qa2 Bc2 17. Re1 Nb3 18. Rac1 Nxc1 19. Rxc1 Bg6 20. Qb3 Rac8 21. Bf1 b4 22. Na2 Rxc1 23. Nxc1 bxa3 0-1

[Event "ARG-ch U18"]
[Site "Villa Martelli"]
[Date "2016.05.29"]
[Round "3.5"]
[White "Ono, David"]
[Black "Tomas Falcon, Jesus"]
[Result "0-1"]
[WhiteElo "1990"]
[BlackElo "2144"]
[PlyCount "104"]
[EventDate "2016.05.28"]
[EventType "swiss"]
[EventRounds "9"]
[EventCountry "ARG"]
[SourceTitle "EXT 2024"]
[Source "ChessBase"]
[SourceDate "2023.10.10"]
[SourceVersion "1"]
[SourceVersionDate "2023.10.10"]
[SourceQuality "1"]

1. c4 e5 2. g3 Nf6 3. Bg2 c6 4. d4 e4 5. Nc3 Bb4 6. Qb3 Bxc3+ 7. bxc3 0-0 8. e3 d6 9. Ba3 Na6 10. Ne2 Rb8 11. 0-0 Re8 12. h3 h5 13. Kh1 Bf5 14. Ng1 Qd7 15. Rae1 Be6 16. Qa4 Nc7 17. d5 Bf5 18. dxc6 bxc6 19. Rd1 Re6 20. Ne2 c5 21. Qc2 Re5 22. Ng1 Qe6 23. Qa4 Qe7 24. Rb1 Ra8 25. Rb7 Bc8 26. Rxa7 Rxa7 27. Qxa7 Ba6 28. Rb1 Bxc4 29. Rb7 Nfe8 30. Qa4 Bd5 31. Rb2 Qe6 32. Ne2 g5 33. Rd2 Bc4 34. Qd1 Bxa2 35. Nc1 Bc4 36. Qxh5 Nb5 37. Bb2 Nf6 38. Qd1 Nd5 39. Qa4 Ndc7 40. Ba1 d5 41. Nb3 Qb6 42. Qa5 Qc6 43. Qa4 Re8 44. Nc1 Ra8 45. Qc2 Rxa1 46. f3 Bd3 47. Qb2 Qa6 48. c4 dxc4 49. Qe5 Rxc1+ 50. Kh2 Qg6 51. fxe4 Rc2 52. Rd1 Rxg2+ 0-1

[Event "Salta Escoda Memorial"]
[Site "Salta"]
[Date "2016.01.30"]
[Round "6"]
[White "Ono, David"]
[Black "Gallo, Lucas"]
[Result "1-0"]
[WhiteElo "1930"]
[BlackElo "1555"]
[PlyCount "37"]
[EventDate "2016.01.22"]
[EventType "swiss"]
[EventRounds "7"]
[EventCountry "ARG"]
[SourceTitle "CBM 170 Extra"]
[Source "ChessBase"]
[SourceDate "2016.02.25"]
[SourceVersion "1"]
[SourceVersionDate "2016.02.25"]
[SourceQuality "1"]

1. c4 c5 2. Nc3 Nc6 3. g3 d6 4. Bg2 Nf6 5. a3 a5 6. d3 g6 7. e4 e5 8. Nge2 Nh5 9. Nd5 f5 10. Nec3 Bg7 11. exf5 0-0 12. fxg6 hxg6 13. Ne4 Ra6 14. Bg5 Qd7 15. 0-0 Nd4 16. Rb1 a4 17. Bh4 Kh8 18. Ne7 Kh7 19. Ng5+ 1-0

[Event "Salta Escoda Memorial"]
[Site "Salta"]
[Date "2016.01.27"]
[Round "4"]
[White "Ono, David"]
[Black "Acuna, Carlos"]
[Result "1-0"]
[WhiteElo "1930"]
[BlackElo "2061"]
[PlyCount "103"]
[EventDate "2016.01.22"]
[EventType "swiss"]
[EventRounds "7"]
[EventCountry "ARG"]
[SourceTitle "CBM 170 Extra"]
[Source "ChessBase"]
[SourceDate "2016.02.25"]
[SourceVersion "1"]
[SourceVersionDate "2016.02.25"]
[SourceQuality "1"]

1. Nf3 Nf6 2. g3 b6 3. Bg2 Bb7 4. 0-0 c5 5. c4 e6 6. Nc3 Be7 7. d4 cxd4 8. Nb5 a6 9. Nbxd4 0-0 10. b3 d6 11. Bb2 Nbd7 12. Rc1 Qc7 13. e3 Rac8 14. Qe2 Rfe8 15. Rfd1 Qc5 16. Ne1 Bxg2 17. Nxg2 Qg5 18. Rc2 Nc5 19. b4 Ncd7 20. e4 d5 21. cxd5 Rxc2 22. Nxc2 exd5 23. f4 Qg6 24. e5 Bf8 25. Nh4 Qh6 26. Qxa6 Qh5 27. Qf1 Rc8 28. Ne3 Ne4 29. Rxd5 Nb8 30. a3 Nc3 31. Bxc3 Rxc3 32. e6 Qh6 33. exf7+ Kxf7 34. Nc4 Qe6 35. Ne5+ Kg8 36. Rd3 Rc8 37. Qf3 Rc1+ 38. Rd1 Rxd1+ 39. Qxd1 g6 40. Qd3 Be7 41. Nhf3 Kg7 42. h4 Nc6 43. Nxc6 Qxc6 44. Qb3 Qc1+ 45. Kg2 Bf6 46. Qd3 Qb2+ 47. Kh3 Qf2 48. Ng5 Kh6 49. Ne4 Qb2 50. Nxf6 Qxf6 51. Qd5 Qa1 52. Qg5+ 1-0

[Event "Salta Escoda Memorial"]
[Site "Salta"]
[Date "2016.01.23"]
[Round "2"]
[White "Ono, David"]
[Black "Villca, Julian"]
[Result "0-1"]
[WhiteElo "1930"]
[BlackElo "2096"]
[PlyCount "100"]
[EventDate "2016.01.22"]
[EventType "swiss"]
[EventRounds "7"]
[EventCountry "ARG"]
[SourceTitle "CBM 170 Extra"]
[Source "ChessBase"]
[SourceDate "2016.02.25"]
[SourceVersion "1"]
[SourceVersionDate "2016.02.25"]
[SourceQuality "1"]

1. c4 e5 2. g3 Nf6 3. Bg2 d5 4. cxd5 Nxd5 5. Nc3 Be6 6. Nf3 Nc6 7. 0-0 Be7 8. d3 0-0 9. a3 a5 10. Bd2 Bf6 11. Ne4 Nd4 12. Nxd4 exd4 13. Nxf6+ Qxf6 14. Qc2 c6 15. e4 dxe3 16. fxe3 Qg6 17. e4 Nf6 18. Bc3 Ng4 19. Qd2 f5 20. Bxa5 fxe4 21. Bxe4 Bf5 22. Bb4 Rf7 23. Bxf5 Rxf5 24. Rxf5 Qxf5 25. Rf1 Qh5 26. d4 Re8 27. h4 Qd5 28. Qf4 h5 29. Re1 Rxe1+ 30. Bxe1 Qb3 31. Qe4 Kf7 32. Qf4+ Nf6 33. Bc3 Kg8 34. Qe3 Qd1+ 35. Kg2 Qg4 36. Be1 Nd5 37. Qe5 Nf6 38. Qe3 Ne4 39. b4 Nd6 40. Bf2 Nf5 41. Qg5 Qe4+ 42. Kg1 Qf3 43. Qf4 Qxf4 44. gxf4 Kf7 45. Kf1 b5 46. Ke2 Ke6 47. Kd3 Kd5 48. Be3 Nxh4 49. Bf2 Nf5 50. Kc3 h4 0-1

[Event "ARG-ch U18 sf"]
[Site "Buenos Aires"]
[Date "2015.04.02"]
[Round "2.3"]
[White "Amato, Leonel"]
[Black "Ono, David"]
[Result "1-0"]
[WhiteElo "2101"]
[BlackElo "1774"]
[PlyCount "116"]
[EventDate "2015.04.02"]
[EventType "swiss"]
[EventRounds "8"]
[EventCountry "ARG"]
[SourceTitle "EXT 2024"]
[Source "ChessBase"]
[SourceDate "2023.10.10"]
[SourceVersion "1"]
[SourceVersionDate "2023.10.10"]
[SourceQuality "1"]

1. d4 d5 2. Nf3 c6 3. e3 Bf5 4. Bd3 Bxd3 5. Qxd3 Nf6 6. 0-0 e6 7. Nbd2 Be7 8. e4 dxe4 9. Nxe4 Nbd7 10. Ng3 Qc7 11. Re1 0-0 12. Nf5 Bd8 13. Ne3 e5 14. dxe5 Nxe5 15. Qf5 Nxf3+ 16. Qxf3 Qa5 17. Re2 Bc7 18. Nf5 Rfe8 19. Bd2 Qc5 20. Be3 Qe5 21. g3 Qe4 22. Nh6+ gxh6 23. Qxf6 Re6 24. Bd4 Rxf6 25. Rxe4 Re6 26. Rae1 Rae8 27. Rg4+ Kf8 28. Bg7+ Ke7 29. Rxe6+ Kxe6 30. Re4+ Kd7 31. Rxe8 Kxe8 32. Bxh6 Be5 33. c3 Kd7 34. Kg2 Ke6 35. Kf3 a5 36. Ke4 b5 37. f4 f5+ 38. Kd3 Bd6 39. Bg5 Kd5 40. b3 Bc7 41. a4 Bb6 42. h3 h5 43. c4+ bxc4+ 44. bxc4+ Ke6 45. g4 hxg4 46. hxg4 Bf2 47. Bd8 fxg4 48. Ke4 Be1 49. f5+ Kd7 50. Bg5 Bc3 51. Be3 g3 52. Kf3 Be1 53. Bf4 Ke7 54. Bxg3 Bc3 55. Ke3 Bf6 56. Be1 Kd6 57. Bxa5 Kc5 58. Kd3 Bd4 1-0